000
00270nam a2200121 a 4500
008
091104s1978|||| d
100
1
_a
Bronteová, E.
245
1
0
_a
Búrlivé výšiny
260
_b
Tatran
_a
Bratislavas
_c
1978
020
_c
35
041
_a
slo
044
_a
xo
_c
SK
999
_c
4
_d
4